| 000 | 01088agm a2200337 a 4500 | ||
|---|---|---|---|
| 003 | BLK | ||
| 005 | 20240604153557.0 | ||
| 007 | mz ca akaadaaaac | ||
| 008 | 181012b bu ||||| |||| 0| vabu d | ||
| 040 | _aBLK | ||
| 041 |
_aENG _aCHI _cENG |
||
| 080 |
_aДруги влакна от семенни растения (растителна коприна) _b677.22 _z677.22(510) |
||
| 139 |
_aOriental splendor - the story of silk _bO 73 |
||
| 245 |
_aOriental splendor - the story of silk _b[USB] |
||
| 257 | _aKIT | ||
| 260 |
_aBeijing _bChina Intercontinental Press _cs. a. _9487381 |
||
| 300 |
_a1 USB, 3 ep.x30 min. _c1 USB флаш ; 4 см, в кутия (18 x 13 см) |
||
| 380 | _a62 | ||
| 650 | 0 |
_9453786 _aКопринена промишленост |
|
| 651 | 7 |
_9179033 _aКитай |
|
| 653 | 7 |
_9195025 _aПътят на коприната |
|
| 856 |
_i0.00 _ldisable |
||
| 942 |
_cCDD _2udc _n0 _s1 |
||
| 944 |
_aCR _c2023-04-20 _k30542 _lРусанова Ирена |
||
| 999 |
_c490524 _d490524 |
||
| 999 | _d490524 | ||
| 999 | _d490523 | ||
| 999 | _d490521 | ||
| 999 | _d490520 | ||
| 999 | _d490519 | ||
| 999 | _d490518 | ||